Statistics for World Capitals Closest to Rome - One Minute Sprint

Click here to take the quiz!

General Stats

  • This quiz has been taken 20 times
  • The average score is 14 of 20

Answer Stats

kmcapitalmiles% Correct
226San Marino141
100%
2Vatican City1
100%
689Bern428
88%
490Ljubljana305
88%
765Vienna475
88%
518Zagreb322
88%
719Belgrade447
82%
460Monaco286
76%
530Sarajevo329
76%
809Budapest503
71%
720Pristina448
71%
614Tirana382
71%
601Tunis374
71%
691Valletta429
71%
562Podgorica349
65%
741Skopje460
59%
629Vaduz391
59%
896Sofia557
47%
905Andorra la Vella562
35%
784Bratislava487
35%

Score Distribution

Percentile by Number Answered

Percent of People with Each Score

Your Score History

You have not taken this quiz